When people rise in protest: (Record no. 751153)
[ view plain ]
| 000 -LEADER | |
|---|---|
| fixed length control field | 00436nam a22001337a 4500 |
| 020 ## - INTERNATIONAL STANDARD BOOK NUMBER | |
| ISBN | 9789383968398 |
| 082 ## - DEWEY DECIMAL CLASSIFICATION NUMBER | |
| Classification number | 323.44 HAS/W |
| 100 ## - MAIN ENTRY--AUTHOR NAME | |
| Personal name | Hasan , Zoya and Jha, Avishek |
| 245 ## - TITLE STATEMENT | |
| Title | When people rise in protest: |
| Sub Title | mobilizing for equal citizenship in India/ |
| Statement of responsibility, etc | by Zoya Hasan and Avishek Jha |
| 260 ## - PUBLICATION, DISTRIBUTION, ETC. (IMPRINT) | |
| Place of publication | . -Haryana |
| Name of publisher | : Three estate collectives |
| Year of publication | , 2024 |
| 300 ## - PHYSICAL DESCRIPTION | |
| Number of Pages | vii+228 pages |
| 942 ## - ADDED ENTRY ELEMENTS (KOHA) | |
| Source of classification or shelving scheme | Dewey Decimal Classification |
| Koha item type | Book |
| Withdrawn status | Lost status | Source of classification or shelving scheme | Damaged status | Not for loan | Home Library | Current Location | Date acquired | Full call number | Accession Number | Price effective from | Koha item type |
|---|---|---|---|---|---|---|---|---|---|---|---|
| Dewey Decimal Classification | Dept. of Political Science | Dept. of Political Science | 06/02/2025 | 323.44 HAS/W | POL23746 | 29/08/2025 | Book |
